धर्मग्रंथ आणि मानवी जीवनप्रवाह (Record no. 44224)

MARC details
000 -LEADER
fixed length control field 00496nam a2200169Ia 4500
008 - FIXED-LENGTH DATA ELEMENTS--GENERAL INFORMATION
fixed length control field 220531s9999 xx 000 0 und d
041 ## - LANGUAGE CODE
Language code of text/sound track or separate title eng
100 ## - MAIN ENTRY--PERSONAL NAME
Personal name कसबे, रावसाहेब
9 (RLIN) 79961
245 ## - TITLE STATEMENT
Title धर्मग्रंथ आणि मानवी जीवनप्रवाह
250 ## - EDITION STATEMENT
Edition statement 2ND
260 ## - PUBLICATION, DISTRIBUTION, ETC. (IMPRINT)
Place of publication, distribution, etc. Mumbai
Name of publisher, distributor, etc. Lokwangmay Gruh
Date of publication, distribution, etc. 2015
300 ## - PHYSICAL DESCRIPTION
Extent 498
542 ## - INFORMATION RELATING TO COPYRIGHT STATUS
Copyright holder 31-03-2016
650 ## - SUBJECT ADDED ENTRY--TOPICAL TERM
Topical term or geographic name as entry element Sociology
9 (RLIN) 79962
906 ## - LOCAL DATA ELEMENT F, LDF (RLIN)
d 2015-2016
f 8934
Holdings
Withdrawn status Lost status Source of classification or shelving scheme Damaged status Not for loan Collection code Home library Current library Date acquired Vendor Cost, normal purchase price Total Checkouts Total Holds Full call number Barcode Date last seen Cost, replacement price Bill Date Koha item type Original Barcode
    Dewey Decimal Classification       Shri Siddhivinayak Mahila Mahavidyalaya Shri Siddhivinayak Mahila Mahavidyalaya 31/03/2016 Joshi Malati 500.00   1 /झोत//B/25510 SSMM-BK-25510 06/08/2022 500.00 06/08/2022 Books 010025510